| 000 | 01481cam a2200457 a 4500 | ||
|---|---|---|---|
| 001 | 2808 | ||
| 003 | FISKH | ||
| 005 | 20240116091512.0 | ||
| 008 | 060120s2006 nyua b 000 1 eng | ||
| 010 | _a 2006001838 | ||
| 020 | _a0375830375 | ||
| 020 | _a037593037X (lib. bdg.) | ||
| 020 | _a0375830383 (pbk.) | ||
| 020 | _a9780375830372 | ||
| 020 | _a9780545062114 | ||
| 035 | _a(OCoLC)ocm64427304 | ||
| 035 | _a(OCoLC)64427304 | ||
| 040 |
_aDLC _cDLC _dDLC _beng |
||
| 050 | 0 | 0 |
_aPZ7.O81167 _bBli 2006 |
| 082 | 0 | 0 |
_a[Fic] _222 |
| 100 | 1 | _aOsborne, Mary Pope. | |
| 245 | 1 | 0 |
_aBlizzard of the blue moon / _cby Mary Pope Osborne ; illustrated by Sal Murdocca. |
| 250 | _aFirst Scholastic printing, January 2008 | ||
| 260 |
_aNew York : _bscholastic, _c2006 |
||
| 300 |
_a110 pages : _billustrations ; _c20 cm |
||
| 490 | 1 |
_aMagic tree house ; _vBook 36 |
|
| 505 | _aN | ||
| 520 | _aThe magic tree house carries Jack and Annie to New York City in 1938 on a mission to rescue the last unicorn. | ||
| 521 | 8 |
_a570
_bLexile |
|
| 521 | 8 |
_aN
_bRaz-Plus |
|
| 650 | 1 |
_aTime travel _vFiction. |
|
| 650 | 1 |
_aMagic _vFiction. |
|
| 650 | 1 |
_aUnicorns _vFiction. |
|
| 650 | 1 |
_aDepressions _y1929 _vFiction. |
|
| 650 | 1 |
_aTree houses _vFiction. |
|
| 650 | 1 |
_aSiblings _vFiction. |
|
| 651 | 1 |
_aNew York (N.Y.) _xHistory _y1898-1951 _vFiction. |
|
| 700 | 1 |
_aMurdocca, Sal, _eillustrator |
|
| 906 |
_a7 _bcbc _corignew _d1 _eecip _f20 _gy-gencatlg |
||
| 942 |
_2ddc _cBK _n0 |
||
| 999 |
_c2808 _d2808 |
||